00250nam a2200085Ia 4500008004100000082001700041245003000058260006500088300001100153230907s9999||||xx |||||||||||||| ||und|| a297.577bISL 0aIslam ka khandani nizam / aNational University of /Science and Technology,bIslamabad : a452 p.